Revisiting the cultural heritage of South Asia: Emerging trends (Record no. 394847)

MARC details
000 -LEADER
fixed length control field 00606 a2200217 4500
005 - DATE & TIME
control field 20260401121042.0
008 - FIXED-LENGTH DATA ELEMENTS--GENERAL INFORMATION
fixed length control field 260324b |||||||| |||| 00| 0 eng d
020 ## - ISBN
International Standard Book Number 9789348309846
Price Rs. 3100.00
040 ## - CATALOGING SOURCE
Original cataloging agency VIVEKANANDA LIBRARY
082 ## - DDC NUMBER
Classification number 709.54
Book Number S63R
100 ## - MAIN ENTRY--PERSONAL NAME
Personal name Shinde Vasant
245 ## - TITLE STATEMENT
Title Revisiting the cultural heritage of South Asia: Emerging trends
260 ## - PUBLICATION, DISTRIBUTION, ETC. (IMPRINT)
Name of publisher, distributor, etc Research India Press
Date of publication, distribution, etc 2026
Place of publication, distribution, etc Pune
300 ## - PHYSICAL DESCRIPTION
Pages xx, 166
650 ## - Subject
Subject Art
650 ## - Subject
Subject Cultural Heritage
650 ## - Subject
Subject India-Art-History
700 ## - Added Entry Personal Name
Added Entry Personal Name Ganvir, Shrikant, ed.
700 ## - Added Entry Personal Name
Added Entry Personal Name Dibyopama, Astha, ed.
942 ## - ADDED ENTRY ELEMENTS (KOHA)
Koha item type Books
Holdings
Withdrawn status Lost status Source of classification or shelving scheme Damaged status Not for loan Location (home branch) Sublocation or collection (holding branch) Shelving location Date acquired Koha issues (times borrowed) Koha full call number Accession No. Koha date last seen Koha item type
    Dewey Decimal Classification     VIVEKANANDA LIBRARY VIVEKANANDA LIBRARY Vivekananda Library 21/01/2026   709.54 S63R 444613 21/01/2026 Books
© Designed and Maintained by Vivekananda Library, MDU Rohtak